| 000 | 00387nam a2200133 a 4500 | ||
|---|---|---|---|
| 001 | 000043751 | ||
| 005 | 20201002044942.0 | ||
| 008 | 140422s20uu dr a 000 0 spa d | ||
| 040 |
_aDO-SdBNP _bspa _cBNPHU |
||
| 100 | 1 |
_aRosario, Leonor _971584 |
|
| 245 | 1 | 0 |
_aBelleza Básica Profesional / _cLeonor Rosario. |
| 260 |
_a[Santo Domingo ; : _bs.n, _c200?]. |
||
| 300 |
_a148 p. : _bil. ; _c28 cm. |
||
| 999 |
_c43240 _d43240 |
||